| 000 | 00553aam a2200205 4500 | ||
|---|---|---|---|
| 005 | 20161115150045.0 | ||
| 008 | 150716b xxu||||| |||| 00| 0 spa d | ||
| 041 | _aInglés | ||
| 082 | _a428 S927e | ||
| 100 |
_aStrutt, Peter _931709 |
||
| 100 |
_aJacob, Miriam _931710 |
||
| 245 | _aEnglish for Internacional tourism : teacher's resource book | ||
| 260 | _aEstados Unidos | ||
| 260 | _bPearson Educación | ||
| 260 | _c2003 | ||
| 300 | _a50 páginas | ||
| 650 |
_aINGLES ENSEÑANZA _91244 |
||
| 650 |
_aINGLES PARA TURISMO _92995 |
||
| 942 | _cBK | ||
| 999 |
_c1820 _d1820 |
||